| 000 | 00680nam a2200241 a 4500 | ||
|---|---|---|---|
| 999 |
_c3342 _d3342 |
||
| 001 | 3342 | ||
| 003 | BD-JhCC | ||
| 005 | 20171112203838.0 | ||
| 008 | 171112r19651959enk |||| |||| 000 0 eng d | ||
| 035 | _a(BD-JhCC)3342 | ||
| 040 |
_aBD-JhCC _dBD-JhCC |
||
| 041 | _aeng | ||
| 082 |
_a703 _bMUR 1965 |
||
| 100 | _aMurray, Peter | ||
| 245 |
_aA dictionary of art and artists / _cPeter Murray; Linda Murray |
||
| 260 |
_aHarmondsworth : _bPenguin Books, _c1968. |
||
| 300 |
_aIX, 353 p. : _c18 cm. |
||
| 500 | _aNasl. na ov.: A dictionary of art & artists. Preface: str. VII-IX. | ||
| 650 | _aArt Dictionary | ||
| 700 | _aMurray, Linda | ||
| 942 |
_2ddc _cBK |
||